La réponse est une station du métro de Lille - Statistiques

Statistiques générales
  • Ce quiz a été pris 583 fois
  • Le résultat moyen est 6 sur 12
Statistiques - réponses
Indice Station Ville et ligne desservie % Correct
Plus importante gare des Hauts-de-France Gare Lille Flandres Lille, M1, M2
82%
Politicien né à Lille, le plus grand aéroport de France porte son nom Roubaix - Charles de Gaulle Roubaix, M2
82%
Fameux marché de Lille Wazemmes Lille, M1
82%
Liquide contenu dans un thermomètre Mercure Tourcoing, M2
65%
Ancienne région de l'est de la France Alsace / Bourgogne Roubaix / Tourcoing, M2
61%
Préfecture du Pas-de-Calais Porte d'Arras Lille, M2
60%
Assassiné pour son pacifisme en 1914 Jean-Jaurès Villeneuve d'Ascq, M2
43%
Ministre et contrôleur des finances sous Louis XIV Colbert Tourcoing, M2
41%
Président du Conseil après Ferry, il a notamment proclamé la 3ème République Gambetta Lille, M1
34%
Industrie de plaques de calcaire Marbrerie Lille, M1
27%
Village, commune Bourg Lille, M2
21%
Architecte du 18ème siècle ayant oeuvré en Moselle Cormontaigne Lille, M2
16%
Aucun quiz correspondant
Distribution des résultats
% des personnes avec chaque résultat
Percentile par nombre de réponses
Votre historique - résultats
Vous n’avez pas pris ce quiz